Ergonomická hlediska domácích spotřebitelů a prevence mimopracovních úrazů

Bibliographic Details
Main Author: Černý, Vladimír (Author)
Format: Article
Language:Slovak
PhysicalDescription:Obr. 5. Tb. 3., lit. 16 zázn. v češ., nem., angl.
Subjects:

MARC

LEADER 00000nab a2200000 a 4500
001 vtls000167124
003 SK-MaSNL
005 20260304071059.0
008 250422c1983 xo 0 slo
015 |a SNBRB19rr/mm-uuuuu 
035 |a CL0177235 
035 |a urn:nbn:sk:snk-abany5 
035 |a (urnnbn)urn:nbn:sk:snk:ar-a0aohd 
035 |a (uuid)137827be-9f43-48e8-8356-4cba772115f1 
040 |a SNKBUCL  |b slo  |c SNKBUCL  |e AACR2 
041 0 |a slo 
044 |a xo  |c SK 
080 |a 64.06  |2 1981 
080 |a 614.86  |2 1981 
100 1 |a Černý, Vladimír  |4 aut  |9 376747 
245 1 0 |a Ergonomická hlediska domácích spotřebitelů a prevence mimopracovních úrazů  |c Vladimír Černý 
300 |b Obr. 5. Tb. 3., lit. 16 zázn. v češ., nem., angl. 
650 0 7 |a domáce spotrebiče  |2 snkbucl  |9 209372 
650 0 7 |a úrazy  |2 snkbucl  |9 123733 
655 7 |a články z novín a časopisov  |2 snkbucl  |9 267496 
773 0 |t Bezpečná práca  |g Roč. 14, č. 3 (1983), s. 131-133 
850 |a Slovenská národná knižnica 
852 |a Slovenská národná knižnica 
954 |a odborná, vedecká literatúra pôvodná (slovenská)  |2 lita 
958 |a article14 
958 |a NB 
958 |a RK 
958 |a MI 
958 |a OND 
958 |a EUIPO 
992 |a RBX 
999 |c 2758837  |d 2760767